000 00557nam a2200217Ia 4500
003 OSt
005 20220928143521.0
006 a|||||r|||| 00| 0
007 ta
008 220927b |||||||| |||| 00| 0 eng d
024 _a22272
037 _cTextual
040 _aSDCL
_cSDCL
_beng
041 _2eng
_aeng
082 _aF56, N7
100 _aPark Kinam Ed.
_9505533
245 0 _aControlled drug delivery
_b Challenges and strategies.
260 _c1997
942 _hF56, N7
_cTEXL
_2CC
999 _c824270
_d824270